Generative Deep Learning 2/e
Sparad:
| Huvudupphov: | |
|---|---|
| Materialtyp: | Bok |
| Utgiven: |
Shroff Pub.
|
| Taggar: |
Inga taggar, Lägg till första taggen!
|
MARC
| LEADER | 00000nam a2200000Ia 4500 | ||
|---|---|---|---|
| 005 | 20260513122050.0 | ||
| 020 | |a 9789355429988 | ||
| 100 | |a Foster | ||
| 365 | |c Rs. | ||
| 365 | |b 20.00 | ||
| 942 | |c BK | ||
| 245 | |a Generative Deep Learning 2/e | ||
| 260 | |b Shroff Pub. | ||
| 999 | |c 37 |d 37 | ||
| 952 | |0 0 |1 0 |4 0 |7 0 |a UNSW |b UNSW |d 2026-05-06 |g 1800.00 |i 16689 |l 0 |p 000043 |r 2026-05-13 12:20:50 |v 1800.00 |w 2026-05-13 |y BK | ||